Les champions des 5 grands championnats depuis la saison 1969/1970 - Statistiques

Statistiques générales
  • Ce quiz a été pris 149 fois
    112 depuis la dernière actualisation
  • Le résultat moyen est 39 sur 52
Statistiques - réponses
Championnat Equipe % Correct
Premier League Liverpool FC
99%
Premier League Manchester City
99%
Ligue 1 Paris Saint-Germain
99%
Ligue 1 LOSC Lille
98%
Premier League Manchester United
98%
Ligue 1 Olympique Lyonnais
98%
Serie A AC Milan
97%
Ligue 1 AS Monaco
97%
Bundesliga Bayer Leverkusen 04
97%
La Liga FC Barcelone
97%
Bundesliga FC Bayern Munich
97%
Serie A Juventus Turin
97%
Ligue 1 (Olympique de Marseille)
97%
Ligue 1 Olympique de Marseille
97%
La Liga Real Madrid CF
97%
Premier League Arsenal FC
96%
Bundesliga Borussia Dortmund
96%
Serie A Inter Milan
96%
La Liga Atlético Madrid
95%
Ligue 1 Girondins de Bordeaux
95%
Ligue 1 Montpellier HSC
95%
Serie A SSC Napoli
94%
Premier League Chelsea FC
93%
Serie A AS Rome
90%
Ligue 1 FC Nantes
89%
Premier League Leicester City
89%
Serie A SS Lazio Rome
86%
Ligue 1 AS Saint-Etienne
85%
Ligue 1 RC Lens
84%
La Liga Valence CF
82%
Premier League Aston Villa FC
77%
Premier League Nottingham Forest
76%
La Liga Deportivo la Corogne
72%
La Liga Athletic Club Bilbao
71%
Ligue 1 AJ Auxerre
69%
Ligue 1 RC Strasbourg Alsace
69%
Bundesliga SV Werder Brême
68%
Bundesliga VfL Wolfsburg
63%
Bundesliga Hambourg SV
57%
Premier League Everton FC
54%
Premier League Leeds United
52%
La Liga Real Sociedad
48%
Serie A Torino FC
45%
Serie A Sampdoria Gênes
43%
Bundesliga Borussia M'gladbach
40%
Bundesliga 1.FC Cologne
39%
Premier League Blackburn Rovers
31%
Bundesliga VfB Stuttgart
29%
Serie A Hellas Vérone
22%
Serie A Cagliari Calcio
15%
Premier League Derby County
13%
Bundesliga FC Kaiserslautern
4%
Aucun quiz correspondant
Distribution des résultats
% des personnes avec chaque résultat
Percentile par nombre de réponses
Votre historique - résultats
Vous n’avez pas pris ce quiz depuis la dernière actualisation